000 00617nam a2200241Ia 4500
003 OSt
005 20220928130513.0
006 a|||||r|||| 00| 0
007 ta
008 220927b |||||||| |||| 00| 0 eng d
024 _a51354
037 _cTextual
040 _aSDCL
_cSDCL
_beng
041 _2eng
_aeng
082 _aV41:24'P, P4
100 _aSaich Tony
_9474329
245 0 _aGovernance and politics of China
250 _a2
260 _aLondon
_bPalgrave Macmillan
_c2004
300 _axxi,383p
_ccm.
942 _hV41:24'P, P4
_cTEXL
_2CC
999 _c786925
_d786925